000 01535nam0a2200349 4500
001 RU\NLR\bibl\835498
005 20260405081227.0
010 _a5-94908-117-X
_92000
021 _aRU
_b2005-41911
_92076
035 _a(NLR Aleph) 000824341
090 _a1321090
_c1321090
100 _a20050901d2005 |||y0rusy50 ca
101 0 _arus
102 _aRU
105 _ay |||||||||
200 1 _aАзбука мастерства
_e2 класс
_eметодическое пособие
_fА.А. Гринева, Т.М. Рагозина, И.Л. Кузнецова
205 _a2-е изд., испр.
210 _aМосква
_cАкадемкнига/Учебник
_d2005
215 _a63 с.
_d21
225 1 _aПерспективная начальная школа
300 _aНа обл. авт. не указаны
606 1 _aРучной труд
_jМетодические пособия
_xПреподавание
_xНачальная школа
_92185479
_3RU\NLR\auth\661313991
686 _aЧ426.83-2,01
700 1 _4070
_7ca
_8rus
_aГринёва
_bА. А.
_gАлександра Александровна
_9181118
_3RU\NLR\AUTH\770181169
701 1 _aРагозина
_bТ. М.
_gТатьяна Михайловна
_4070
701 1 _4070
_8rus
_7ca
_aКузнецова
_bИ.Л.
_cпедагог-методист
_gИрина Львовна
_3RU\NLR\auth\7728211
_911242
801 0 _aRU
_bNLR
_c20050901
_grcr
801 1 _aRU
_bNLR
_c20050901
830 _aАвт. по кн
942 _cBOOK
980 _aNB